000 00629nam a2200265Ia 4500
005 20260121165501.0
008 008 260114s9999 xx 000 0 eng d
020 _a9789811029875
037 _aEBOOK
040 _aCRL
040 _beng
040 _cCRL
041 _2eng
041 _aeng
084 _qCRL
100 _aHeeKap Lee, Paul Kaak
_91052279
245 4 _aThe Pedagogy of Shalom
260 _bSpringer
260 _bSpringer
260 _c2017
856 _uhttps://link.springer.com/openurl?genre=book&isbn=978-981-10-2987-5
942 _cEBOOK
999 _c1618004
_d1618004